Introduction to medical imaging (Record no. 39304)

000 -LEADER
fixed length control field 00626nam a22002177a 4500
001 - CONTROL NUMBER
control field 39304
003 - CONTROL NUMBER IDENTIFIER
control field BD-DhUET
008 - FIXED-LENGTH DATA ELEMENTS--GENERAL INFORMATION
fixed length control field 160816b xxu||||| |||| 00| 0 eng d
020 ## - INTERNATIONAL STANDARD BOOK NUMBER
International Standard Book Number 9780521190657
040 ## - CATALOGING SOURCE
Transcribing agency 0
Modifying agency BD-DhUET
082 ## - DEWEY DECIMAL CLASSIFICATION NUMBER
Classification number 616.0754
Item number SMI/2011
100 ## - MAIN ENTRY--PERSONAL NAME
Personal name Smith, Nadine Barrie
245 ## - TITLE STATEMENT
Title Introduction to medical imaging
Remainder of title physics, engineering and clinical applications
250 ## - EDITION STATEMENT
Edition statement 1st ed.
260 ## - PUBLICATION, DISTRIBUTION, ETC. (IMPRINT)
Place of publication, distribution, etc. Cambridge
Name of publisher, distributor, etc. Cambridge University Press
Date of publication, distribution, etc. 2011
300 ## - PHYSICAL DESCRIPTION
Extent xii,286p.
504 ## - BIBLIOGRAPHY, ETC. NOTE
Bibliography, etc Includes bibliographies
650 #0 - SUBJECT ADDED ENTRY--TOPICAL TERM
Topical term or geographic name as entry element Diagnostic imaging-Digital techniques
700 ## - ADDED ENTRY--PERSONAL NAME
Personal name Webb, Andrew
942 ## - ADDED ENTRY ELEMENTS (KOHA)
Koha item type General Book
Holdings
Koha date last borrowed Piece designation (barcode) Copy number Not for loan Koha date last seen Location (home branch) Shelving location Lost status Source of classification or shelving scheme Date acquired Price effective from Damaged status Koha renewals Koha out on loan Koha item type Sublocation or collection (holding branch) Koha full call number Koha issues (times borrowed) Koha normalized classification for sorting Withdrawn status
2022-02-261146731 2022-02-26Central Library, BUETCirculation section  2016-08-162016-08-16 22025-11-29General BookCentral Library, BUET616.0754/SMI/20112616_075400000000000_SMI_2011 
 1146742 2016-08-16Central Library, BUETCirculation section  2016-08-162016-08-16   General BookCentral Library, BUET616.0754/SMI/2011 616_075400000000000_SMI_2011 
2025-11-291203203 2025-11-29Central Library, BUETCirculation section  2025-04-302025-07-02  2026-11-29General BookCentral Library, BUET616.0754/SMI/20111616_075400000000000_SMI_2011 
 1203214 2025-07-02Central Library, BUETCirculation section  2025-04-302025-07-02   General BookCentral Library, BUET616.0754/SMI/2011 616_075400000000000_SMI_2011 
 1203225 2025-07-02Central Library, BUETCirculation section  2025-04-302025-07-02   General BookCentral Library, BUET616.0754/SMI/2011 616_075400000000000_SMI_2011